Central Library OPAC University of Rajshahi

The economic history of England / (Record no. 43115)

MARC details
000 -LEADER
fixed length control field 00794cam a2200253 a 4500
001 - CONTROL NUMBER
control field 43115
003 - CONTROL NUMBER IDENTIFIER
rucl marc code BD-RjUL
005 - DATE AND TIME OF LATEST TRANSACTION
control field 20211209053641.0
008 - FIXED-LENGTH DATA ELEMENTS--GENERAL INFORMATION
fixed length control field 160619r19611956enk 000 0 eng d
035 ## - SYSTEM CONTROL NUMBER
System control number BD-RjUL43233
040 ## - CATALOGING SOURCE
Original cataloging agency 2509
Language of cataloging eng
Transcribing agency 2509
Modifying agency ANL
041 ## - LANGUAGE CODE
Language code of text/sound track or separate title eng
082 04 - DEWEY DECIMAL CLASSIFICATION NUMBER
Classification number 330.942
Edition number 21
Author mark and year LIE 1961
100 1# - MAIN ENTRY--PERSONAL NAME
Personal name Lipson, E.
Fuller form of name (Ephraim),
Dates associated with a name 1888-1960.
9 (RLIN) 132394
245 14 - TITLE STATEMENT
Title The economic history of England /
Statement of responsibility, etc. by E. Lipson.
250 ## - EDITION STATEMENT
Edition statement 6th ed.
260 ## - PUBLICATION, DISTRIBUTION, ETC. (IMPRINT)
Place of publication, distribution, etc. London :
Name of publisher, distributor, etc. Black,
Date of publication, distribution, etc. 1956 [reprinted 1961]
300 ## - PHYSICAL DESCRIPTION
Pagination V. ;
Size 24 cm.
504 ## - BIBLIOGRAPHY, ETC. NOTE
Bibliography, etc Includes bibliographical references.
505 0# - FORMATTED CONTENTS NOTE
Formatted contents note v. 2. The age of mercantilism - v.3. The age of mercantilism.
650 #0 - SUBJECT ADDED ENTRY--TOPICAL TERM
Topical term or geographic name as entry element Economic history.
9 (RLIN) 132395
651 #0 - SUBJECT ADDED ENTRY--GEOGRAPHIC NAME
Geographic name England
General subdivision Economic conditions
-- History.
9 (RLIN) 132396
942 ## - ADDED ENTRY ELEMENTS (KOHA)
Source of classification or shelving scheme Dewey Decimal Classification
Koha item type Books
Holdings
Lost status Source of classification or shelving scheme Damaged status Not for loan Collection code Permanent Location Current Location Shelving location Date acquired Source of acquisition Cost, normal purchase price Total Checkouts Full call number Date last seen Copy number Koha item type
  Dewey Decimal Classification     Non-fiction Central Library, University of Rajshahi Central Library, University of Rajshahi   20/04/1964 Zeithlinger 60.00   330.942 LIE V-2 1961 19/06/2016 C-2 Books
  Dewey Decimal Classification     Non-fiction Central Library, University of Rajshahi Central Library, University of Rajshahi   20/04/1964 Zeithlinger 60.00   330.942 LIE V-2 1961 19/06/2016 C-3 Books
  Dewey Decimal Classification     Non-fiction Central Library, University of Rajshahi Central Library, University of Rajshahi   20/04/1964 Zeithlinger 60.00   330.942 LIE V-2 1961 19/06/2016 C-4 Books
  Dewey Decimal Classification     Non-fiction Central Library, University of Rajshahi Central Library, University of Rajshahi   10/02/1973 Eureka book Agency, Rajshahi 115.50   330.942 LIE V-2 1964 20/06/2016 C-5 Books